000 00928nam a2200265Ia 4500
003 OSt
005 20260417173201.0
006 a|||||r|||| 00| 0
007 ta
008 220926b |||||||| |||| 00| 0 eng d
024 _a85109
037 _cTheses
040 _aCRL
_cCRL
_beng
041 _2eng
_aeng
100 _aMital Neena
_9538045
110 _aUniversity of Delhi. Faculty of Mathematical Sciences. Department of Statistics
_9519382
245 0 _aSome contributions to robust and response surface designs
260 _aDelhi
_bUniversity of Delhi India
_c2006
650 _aPROBABILITIES
700 _a Dr. S. Roy Chowdhury Gu.
_9538046
700 _a Prof. M. L. Aggarwal Gu.
_91235107
700 _aUniversity of Delhi. Faculty of Mathematical Sciences. Department of Statistics
_9519387
942 _cTH
_2CC
999 _c869283
_d869283